Tak na to zapomeň, sestro /
Volné pokračování detektivního příběhu z malého českého maloměsta. Sestry Gábina a Klára se snaží přijít všemu na kloub, ale tentokrát se zapletou do nebezpečného pátrání, ve kterém jde i o život.
Uloženo v:
| Série: | Klára a Gábina,
část 9 |
|---|---|
| Hlavní autor: | |
| Médium: | Kniha |
| Jazyk: | Czech |
| Vydáno: |
Brno :
MOBA,
2026
|
| Vydání: | Vydání první |
| Témata: | |
| Celkem bylo vypůjčeno: | 1x |
| Příbuzné jednotky: | Z cyklu::
Klára a Gábina |
| Tagy: |
Žádné tagy |
| LEADER | 02059nam a2200385 i 4500 | ||
|---|---|---|---|
| 001 | 106463 | ||
| 003 | CZ PrNK | ||
| 005 | 20260603111722.0 | ||
| 007 | ta | ||
| 008 | 260529s2026 xr g 000 f cze | ||
| 015 | |a cnb003739646 | ||
| 020 | |a 9788027924745 |q (vázáno) | ||
| 040 | |a ABG001 |b cze |e rda | ||
| 072 | 7 | |a 821.162.3-3 |x Česká próza |2 Konspekt |9 25 | |
| 080 | |a 821.162.3-31 |2 MRF | ||
| 080 | |a (0:82-312.4) |2 MRF | ||
| 100 | 1 | |a Jakoubková, Alena, |d 1958- |7 mzk2002102588 |4 aut |9 13020 | |
| 245 | 1 | 0 | |a Tak na to zapomeň, sestro / |c Alena Jakoubková |
| 250 | |a Vydání první | ||
| 264 | 1 | |a Brno : |b MOBA, |c 2026 | |
| 300 | |a 284 stran ; |c 21 cm | ||
| 336 | |a text |b txt |2 rdacontent | ||
| 337 | |a bez média |b n |2 rdamedia | ||
| 338 | |a svazek |b nc |2 rdacarrier | ||
| 520 | 2 | |a Volné pokračování detektivního příběhu z malého českého maloměsta. Sestry Gábina a Klára se snaží přijít všemu na kloub, ale tentokrát se zapletou do nebezpečného pátrání, ve kterém jde i o život. |b Ve Vlčicích není nikdy klid. Gábina s Klárou se snaží, aby jim vůbec nic z toho, co se v městečku děje, neuniklo, ale zdá se, že se je jejich manželé snaží zaměstnat něčím jiným, nějakou činností, při níž by jim taky jednou nešlo o krk. A jako nástroj své snahy si vybrali třetí sestru - Kamilu. To si ale dvě vyhlášené sběratelky novinek, Gábina a Klára, nenechají líbit. Právě naopak. Rozhodnou se totiž, že si najdou pomocnice mezi mladší generací. Nakladatelská anotace. | |
| 655 | 7 | |a české romány |7 fd133974 |2 czenas |9 54031 | |
| 655 | 7 | |a detektivní romány |7 fd132010 |2 czenas |9 53536 | |
| 655 | 9 | |a Czech fiction |2 eczenas | |
| 655 | 9 | |a detective novels |2 eczenas | |
| 710 | 2 | |a Nakladatelství MOBA |7 ko2011627903 |4 pbl |9 117207 | |
| 787 | 0 | 8 | |i Z cyklu: |t Klára a Gábina |g 9 |
| 910 | |a UOG502 | ||
| 942 | |2 ddc |c KN | ||
| 999 | |d 106463 | ||
| 993 | |0 0 |1 421180107180 |2 ddc |4 0 |7 0 |9 99899 |b 0 |c 107180 |d 2026-06-03 |e 1 |f DOSP |h 329.00 |i Koupě |l DOSP |q 2026-07-16 |r 2026-06-04 |s 2026-06-04 |t 6 |w 2026-06-03 |y KN |z KRIMI |n | ||